| 000 | 00707 am a2200205 a 4500 | ||
|---|---|---|---|
| 001 | 45835 | ||
| 003 | BD-RjUL | ||
| 005 | 20211209054056.0 | ||
| 008 | 160728b1938 xxu||||| |||| 00| 0 eng d | ||
| 035 | _a(BD-RjUL) 45953 | ||
| 040 |
_aBD-RjUL _beng _cBD-RjUL _dBD-RjUL |
||
| 041 | _aeng | ||
| 082 |
_223 _a337.094 _bLIT 1938 |
||
| 100 |
_aLiepmann, H. _9140175 |
||
| 245 |
_aTariff levels and the economic unity of Europe ; _ban examination of tariff policy, export movements and the economic integration of Europe, 1913-1931 / _cLiepmann, H. |
||
| 260 |
_aLondon : _bGeorge Allen & unwin Ltd. _c1938 |
||
| 300 |
_a424p. : _bill. ; _c21 cm. |
||
| 650 |
_xCommercial policy. _zEurope _9140176 |
||
| 942 |
_2ddc _cBK |
||
| 999 |
_c45835 _d45835 |
||